Flora : enciclopedia salvat de la jardinería :
Guardado en:
| Formato: | Libro |
|---|---|
| Publicado: |
Barcelona :
Salvat
|
| Etiquetas: |
Agregar Etiqueta
Sin Etiquetas, Sea el primero en etiquetar este registro!
|
| LEADER | 00410nam a22001455a 4500 | ||
|---|---|---|---|
| 001 | CEM.cems017458 | ||
| 005 | 20130319172051.0 | ||
| 008 | 130507b######################000#0#####d | ||
| 003 | CEMS | ||
| 020 | |a 8434537982 | ||
| 082 | 0 | 4 | |a 635.9 |
| 245 | 0 | 0 | |a Flora : |b enciclopedia salvat de la jardinería : |
| 260 | |a Barcelona : |b Salvat | ||
| 300 | |a 300 p. | ||
| 859 | |a CEMS |b BIB. CEMS - Agricultura |h 635.9 |i F661 |p A1159.10 |t Ej.1 |v XII |3 XII | ||
